| 000 | 00427nam a2200133Ia 4500 | ||
|---|---|---|---|
| 008 | 191014s9999 xx 000 0 und d | ||
| 020 | _a981-02-4031-7 | ||
| 082 |
_a539.7 _bAMB |
||
| 100 |
_aJan Ambjorn, Poul Henrik Damgaard, Kimmo Kainulainen, Kari Rummukainen _920556 |
||
| 245 | 0 | _aProceedings of Strongs and Electroweak Matter 98 | |
| 260 |
_aSingapore _bWorld Scientific Company _c1999 |
||
| 300 | _aXi,412 | ||
| 942 | _cBK | ||
| 999 |
_c531148 _d531148 |
||